Landscape handbook for the tropics / (Record no. 353780)

000 -LEADER
fixed length control field 01298nam a2200361 a 4500
001 - CONTROL NUMBER
control field 2586368
003 - CONTROL NUMBER IDENTIFIER
control field OSt
005 - DATE AND TIME OF LATEST TRANSACTION
control field 20180116192417.0
008 - FIXED-LENGTH DATA ELEMENTS--GENERAL INFORMATION
fixed length control field 950420s1995 enkae b 001 0 eng d
010 ## - LIBRARY OF CONGRESS CONTROL NUMBER
LC control number 96137501
015 ## - NATIONAL BIBLIOGRAPHY NUMBER
National bibliography number GB95-84288
020 ## - INTERNATIONAL STANDARD BOOK NUMBER
International Standard Book Number 1870673115
020 ## - INTERNATIONAL STANDARD BOOK NUMBER
International Standard Book Number 9781870673419
035 ## - SYSTEM CONTROL NUMBER
System control number (OCoLC)32798160
040 ## - CATALOGING SOURCE
Original cataloging agency MH
Transcribing agency MH
Modifying agency NNBG
-- Uk
-- DLC
042 ## - AUTHENTICATION CODE
Authentication code lccopycat
043 ## - GEOGRAPHIC AREA CODE
Geographic area code w------
050 04 - LIBRARY OF CONGRESS CALL NUMBER
Classification number SB472.32.T73
Item number H55 1995
082 00 - DEWEY DECIMAL CLASSIFICATION NUMBER
Classification number 712.0913
Edition number 20
100 1# - MAIN ENTRY--PERSONAL NAME
Personal name Hill, W. F.
Fuller form of name (William Frank)
9 (RLIN) 6887
245 10 - TITLE STATEMENT
Title Landscape handbook for the tropics /
Statement of responsibility, etc. W.F. Hill.
250 ## - EDITION STATEMENT
Edition statement 1st ed.
260 ## - PUBLICATION, DISTRIBUTION, ETC.
Place of publication, distribution, etc. Woodbridge, Suffolk, UK ;
-- Wappingers' Falls, NY, USA :
Name of publisher, distributor, etc. Garden Art Press,
Date of publication, distribution, etc. 1995.
300 ## - PHYSICAL DESCRIPTION
Extent 407 p. :
Other physical details ill. (some col.), plans ;
Dimensions 28 cm.
504 ## - BIBLIOGRAPHY, ETC. NOTE
Bibliography, etc. note Includes bibliographical references and index.
650 #0 - SUBJECT ADDED ENTRY--TOPICAL TERM
Topical term or geographic name entry element Landscape architecture
Geographic subdivision Tropics
General subdivision Designs and plans
-- Handbooks, manuals, etc.
9 (RLIN) 6888
650 #0 - SUBJECT ADDED ENTRY--TOPICAL TERM
Topical term or geographic name entry element Landscape design
Geographic subdivision Tropics
General subdivision Handbooks, manuals, etc.
9 (RLIN) 6889
653 0# - INDEX TERM--UNCONTROLLED
Uncontrolled term Tropical regions
-- Landscape design
906 ## - LOCAL DATA ELEMENT F, LDF (RLIN)
a 7
b cbc
c copycat
d 3
e ncip
f 19
g y-gencatlg
942 ## - ADDED ENTRY ELEMENTS (KOHA)
Source of classification or shelving scheme
Koha item type Book
Holdings
Withdrawn status Lost status Source of classification or shelving scheme Damaged status Not for loan Permanent Location Current Location Date acquired Total Checkouts Full call number Barcode Date last seen Date last checked out Cost, replacement price Price effective from Koha item type
          School of Art Design and Architecture (SADA) School of Art Design and Architecture (SADA) 06/20/2013 2 712.0913 HIL 1995 SADA0002066 07/30/2015 07/10/2015 3466.12 08/05/2013 Book
© 2023 Central Library, National University of Sciences and Technology. All Rights Reserved.